| 000 | 01031cam a2200265 a 4500 | ||
|---|---|---|---|
| 001 | 20927 | ||
| 003 | IVS | ||
| 005 | 20250626031029.0 | ||
| 008 | 000316s1999 xx b 000 0 eng | ||
| 010 | _a 00507329 | ||
| 020 | _a0195790200 | ||
| 040 |
_aDLC _cDLC _dDLC |
||
| 041 | 1 |
_aengurd _hurd |
|
| 050 | 0 | 0 |
_aPK2211.E3 _bE94 1999 |
| 082 | 0 | 0 |
_a891.43917108 FAR _221 _b20927 |
| 245 | 0 | 3 |
_aAn evening of caged beasts : _bseven post-modernist Urdu poets / _cselected and introduced by Asif Farrukhi ; translated by Frances W. Pritchett and Asif Farrukhi. |
| 260 |
_aNew York : _bOxford University Press, _c1999. |
||
| 300 |
_axxxiii, 248 p. ; _c25 cm. |
||
| 504 | _aIncludes bibliographical references. | ||
| 700 | 1 |
_aFarruk̲h̲ī, Āṣif, _d1959-2020. |
|
| 856 | 4 | 2 |
_3Publisher description _uhttp://www.loc.gov/catdir/enhancements/fy0611/00507329-d.html |
| 906 |
_a7 _bcbc _corignew _d3 _encip _f20 _gy-gencatlg |
||
| 942 |
_2ddc _cBK _n0 |
||
| 999 |
_c14579 _d14579 |
||